Biodegradable polymers :materials and their structures

Gorde:
Xehetasun bibliografikoak
Egile nagusia: SHARMA, Manjari
Formatua: Liburua
Hizkuntza:ingelesa
Argitaratua: CRC Press 2021
Etiketak: Etiketa erantsi
Etiketarik gabe, Izan zaitez lehena erregistro honi etiketa jartzen!

MARC

LEADER 00000nam a22000007a 4500
008 240606b |||||||| |||| 00| 0 eng d
020 |a 9780367774769 
100 |a SHARMA, Manjari 
245 |a Biodegradable polymers  |b :materials and their structures   |c Manjari Sharma  |g xxii, 220p.: ill 
260 |b CRC Press  |c 2021  |h Abingdon, oxon  |i 702385  |i 702386  |l HD9661.SH1  |m Plastics industry and trade- United States   |m Polymers- Biodegradation- United States  |m Biodegradable plastics- United States 
500 |a It includes references and index 
942 |a lcc  |c BK  |e Adeyemo O.O  |f 06/06/2024 
952 |0 0  |1 0  |2 lcc  |4 0  |6 HD9661 S H1  |7 0  |9 5250  |a SSL  |b HOL  |c GJ  |d 2024-06-06  |l 0  |o HD9661.Sh1  |p 2024-0494  |r 2024-06-06 00:00:00  |t 702385  |w 2024-06-06  |y BK 
952 |0 0  |1 0  |2 lcc  |4 0  |6 HD9661 S H1  |7 0  |9 5251  |a SSL  |b HOL  |c GJ  |d 2024-06-06  |l 0  |o HD9661.Sh1  |p 2024-0495  |r 2024-06-06 00:00:00  |t 702386  |w 2024-06-06  |y BK 
999 |c 2602  |d 2602